Guess the Movie - Minimalistic Pictures #10 - Statistics

General Stats
  • This quiz has been taken 111 times
  • The average score is 10 of 20
Answer Stats
Picture Hint Answer % Correct
1975 Jaws
97%
1997 Titanic
96%
2009 Up
93%
1982 E.T. the Extra-Terrestrial
89%
2008 Kung Fu Panda
89%
2014 Guardians of the Galaxy
75%
2001 Lara Croft: Tomb Raider
74%
2014 X-Men: Days of Future Past
72%
1965 The Sound of Music
71%
1956 Moby Dick
62%
2002 Catch Me If You Can
53%
1999 Notting Hill
34%
2014 Interstellar
29%
2006 Miami Vice
22%
2004 Shark Tale
21%
1987 Hellraiser
18%
2015 Insurgent
16%
1996 Mars Attacks!
14%
2006 Over the Hedge
10%
2014 Earth to Echo
8%
No matching quizzes found
Score Distribution
Percent of People with Each Score
Percentile by Number Answered
Your Score History
You have not taken this quiz